| 000 | 00373nam a2200145Ia 4500 | ||
|---|---|---|---|
| 008 | 220204s9999 xx 000 0 und d | ||
| 082 |
_a631.362 _bHAL |
||
| 100 | _aDAVIS, D C | ||
| 245 | 0 | _aProcessing equipmennt for agricultural products | |
| 250 | _aEd.2 | ||
| 260 |
_aConnecticut _bAVI _c1979 |
||
| 650 | _aAgricultural machinery | ||
| 700 | _aHALL, C W | ||
| 942 | _cBK | ||
| 999 |
_c36101 _d36101 |
||